01053nam a2200241Ia 4500001000600000003000900006008004100015040001300056040001300069041001300082100001900095100002900114245010500143245009900248250001100347260001100358260001800369260004900387300005700436500025600493650003100749650003100780C0766IT-RoPAU130308s9999 xx 000 0 und d aIT-RoPAU cIT-RoPAU aITALIANO aTraini Stefano gCodice Aut. SPICS: 40620 aMondi possibili e strategie testuali. Le possibilità di un modello interdisciplinare nel marketing bSemiotica al Marketing-Le tendenze della Ricerca nel Marketing, nel Consumo, nella Pubblicita' a1a ed. aMILANO bAngeli Franco c1994 [1° Ed.:1994 - Ed.Ling.Originale:1994] a"27 p. (prefazione: no ; testo: 27 [pagine: 56-82])" aDall'Analisi del testo Ad una Teoria degli Interventi Semiotici. Primo Intervento: la Descrizione. Secondo Intervento: la Mediazione Semiotica, Stilie Ideologie, mondi Proprietà e Individui. terzo Intervento: la Prescrizione, livelli del Marketing. aTEORICHE DELLA PUBBLICITA' eCodice materia Spics: 6205